Acción en Shangai

Gorde:
Xehetasun bibliografikoak
Egile nagusia: Rodríguez Olmo, Josefa R.
Formatua: Liburua
Hizkuntza:Undetermined
Argitaratua: La Habana, Cuba Editorial Pablo de la Torriente 1991
Gaiak:
Etiketak: Etiketa erantsi
Etiketarik gabe, Izan zaitez lehena erregistro honi etiketa jartzen!

MARC

LEADER 00000nam a2200000Ia 4500
008 170316s9999 xx 000 0 und d
040 |a cru BVZT 
090 |a 860 R-20a 
100 |a Rodríguez Olmo, Josefa R. 
245 |a Acción en Shangai 
260 |a La Habana, Cuba 
260 |b Editorial Pablo de la Torriente 
260 |c 1991 
300 |a 26 páginas 
650 |a LITERATURA LATINOAMERICANA 
999 |c 9146  |d 9146 
942 |c 15 D  |h 860 R-20a  |2 z